Daily Capital City Riddle #180 - Statistics

General Stats
  • This quiz has been taken 12 times
  • The average score is 30 of 33
Answer Stats
Type Answer % Correct
Correctly Placed Letter A
100%
Found Letter A
100%
Alphabet Letter B
100%
Alphabet Letter D
100%
Found Letter E
100%
Alphabet Letter I
100%
Alphabet Letter L
100%
Alphabet Letter N
100%
Alphabet Letter O
100%
Alphabet Letter S
100%
Alphabet Letter T
100%
Found Letter U
100%
Alphabet Letter V
100%
Alphabet Letter W
100%
Alphabet Letter C
91%
Correctly Placed Letter E
91%
Alphabet Letter F
91%
Found Letter G
91%
Alphabet Letter H
91%
Alphabet Letter J
91%
Alphabet Letter M
91%
Found Letter P
91%
Correctly Placed Letter R
91%
Found Letter R
91%
Correctly Placed Letter G
82%
Alphabet Letter K
82%
Correctly Placed Letter P
82%
Mystery Capital Prague
82%
Alphabet Letter Q
82%
Correctly Placed Letter U
82%
Alphabet Letter X
82%
Alphabet Letter Y
82%
Alphabet Letter Z
82%
No matching quizzes found
Score Distribution
Percent of People with Each Score
Percentile by Number Answered
Your Score History
You have not taken this quiz